banner koha

Cultivo do cacaueiro no Estado do Ceará (Registro n. 298269)

MARC details
000 -LÍDER
campo de controle de tamanho fixo 00948nac a22003137a 4500
001 - NÚMERO DE CONTROLE
campo de controle BR2019001252
003 - IDENTIFICADOR DO NÚMERO DE CONTROLE
campo de controle BR-BrBNA
005 - DATA E HORÁRIO DA ÚLTIMA TRANSAÇÃO
campo de controle 20240105124057.0
008 - CAMPO DE DADOS FIXOS--INFORMAÇÃO GERAL
campo de controle de tamanho fixo 230509b bl.|||m| |||| 00| 0 por d
040 ## - FONTE DA CATALOGAÇÃO
Instituição da catalogação original BR-BrBNA
Idioma da catalogação por
Instituição que transcreveu o registro Biblioteca Nacional de Agricultura
072 ## - CÓDIGO DE CATEGORIA DE ASSUNTO
Código de Categoria de Assunto F01
090 ## - NÚMERO DE CHAMADA LOCAL
Número de chamada 2110 BR2019001252
100 1# - ENTRADA PRINCIPAL--NOME PESSOAL
Nome pessoal Sodré, G.A.
100 1# - ENTRADA PRINCIPAL--NOME PESSOAL
Nome pessoal Marrocos, P.C.L.
100 1# - ENTRADA PRINCIPAL--NOME PESSOAL
Nome pessoal Sarmento, D.A.
110 1# - ENTRADA PRINCIPAL--NOME CORPORATIVO
Nome corporativo ou nome da jurisdição Centro de Pesquisas do Cacau, Ilhéus, BA (Brasil)
9 (RLIN) 1631
245 1# - TÍTULO
Título Cultivo do cacaueiro no Estado do Ceará
260 3# - PUBLICAÇÃO, DISTRIBUIÇÃO, ETC.
Local de publicação, distribuição, etc. Brasilia, DF (Brasil):
Nome do editor, distribuidor, etc. MAPA/CEPLAC,
Data da publicação, distribuição, etc. 2017.
300 ## - DESCRIÇÃO FÍSICA
Extensão 34 p.
490 ## - TÍTULO DA SÉRIE
Título da série Boletim Técnico - Centro de Pesquisas do Cacau (Brazil)
Número do volume ou designação sequencial da série no. 209
ISSN - International Standard Serial Number
500 ## - NOTA GERAL
Nota geral 17 ref.
650 ## - ASSUNTO--TERMO TÓPICO
Cabeçalho tópico ou nome geográfico CACAU
650 ## - ASSUNTO--TERMO TÓPICO
Cabeçalho tópico ou nome geográfico PRÁTICA CULTURA
650 ## - ASSUNTO--TERMO TÓPICO
Cabeçalho tópico ou nome geográfico PLANTIO
650 ## - ASSUNTO--TERMO TÓPICO
Cabeçalho tópico ou nome geográfico CEARÁ
856 40 - LOCALIZAÇÃO ELETRÔNICA E ACESSO
Caminho Link DSPACE/MAPA BR2019001252
909 ## -
-- 202312
-- Lúcia Elande
-- 55
-- Lúcia Elande
942 ## - ELEMENTOS DE ENTRADA ADICIONADOS (KOHA)
Fonte da classificação ou esquema de arquivamento na estante Classificação AGRIS
Ocultar no OPAC Não
Tipo de material Koha Monografia Seriada

Nenhum exemplar disponível.

BINAGRI

Telefone: (61)3218-2567/2388/3357/2097 - binagri@agro.gov.br

Ministério da Agricultura e Pecuária , Esplanada dos Ministérios, Bloco D, Anexo B, Brasília/DF, CEP: 70.043-900